000 00539nam a2200205Ia 4500
003 OSt
005 20230516113549.0
008 210423s2007 xx 000 0 und d
020 _a9788120330528
040 _cAL
041 _aeng
082 _a660.63
_223
_bDOBM
100 _aDOBLE (Mukesh);GUMMADI (Sathyanarayana N).
_9105075
245 _aBiochemical engineering.
260 _aNew Delhi
_bPHI Learning Pvt Ltd
_c2007
300 _axi,224
_bPB
365 _b195
_cINR
906 _aBiochemical ; engineering.
942 _2ddc
_cBK
999 _c164457
_d164457